00445nam a2200133Ia 4500008004100000020001800041082002000059100002000079245007800099260002500177300001100202440006900213650002900282120622s9999 xx 000 0 und d a968-476-072-8 a340.1 B582 v.65 aCracogna, Dante aCuestiones fundamentales de la teoría pura del derecho / Dante Cracogna aMéxico : Fontamara a103 p. aBiblioteca de ética, filosofía del derecho y política ; 65 a1. TEORIA DEL DERECHOÌ